000 00590nam a22001935i 4500
001 68692
003 ES-MaACL
005 20230906170334.0
007 t|
008 960827s1884 it a ||||1| ita d
040 _aCAM
_bspa
_cCAM
100 1 _aGiacomini, C.
_956597
245 1 0 _aGuida allo studio delle circonvoluzioni cerebrali dell'uomo /
_cper C. Giacomini.
250 _a2ยช ed.
260 _aTorino [etc] :
_bErmanno Loescher,
_c1884 (
_fTip. e Lit. Camilla e Bertolero)
300 _aVIII, 287 p. :
_bil. ;
_c25 cm.
650 4 _aCerebro.
_910903
852 _aES-MaACL
_jF-12031
999 _c68692
_d68692